|
|
|
|
| LEADER |
04913nam a22003973i 4500 |
| 001 |
EBC6955822 |
| 003 |
MiAaPQ |
| 005 |
20231204023223.0 |
| 006 |
m o d | |
| 007 |
cr cnu|||||||| |
| 008 |
231204s2015 xx o ||||0 ger d |
| 020 |
|
|
|a 9783839410523
|q (electronic bk.)
|
| 020 |
|
|
|z 9783837610529
|
| 035 |
|
|
|a (MiAaPQ)EBC6955822
|
| 035 |
|
|
|a (Au-PeEL)EBL6955822
|
| 035 |
|
|
|a (OCoLC)1313898821
|
| 040 |
|
|
|a MiAaPQ
|b eng
|e rda
|e pn
|c MiAaPQ
|d MiAaPQ
|
| 100 |
1 |
|
|a Lutz-Scheurle, Christoph.
|
| 245 |
1 |
4 |
|a Die deutschen Kanzler im Fernsehen :
|b Theatrale Darstellungsstrategien von Politikern im Schlüsselmedium der Nachkriegsgeschichte.
|
| 250 |
|
|
|a 1st ed.
|
| 264 |
|
1 |
|a Bielefeld :
|b transcript,
|c 2015.
|
| 264 |
|
4 |
|c {copy}2015.
|
| 300 |
|
|
|a 1 online resource (247 pages)
|
| 336 |
|
|
|a text
|b txt
|2 rdacontent
|
| 337 |
|
|
|a computer
|b c
|2 rdamedia
|
| 338 |
|
|
|a online resource
|b cr
|2 rdacarrier
|
| 490 |
1 |
|
|a Kultur- und Medientheorie
|
| 505 |
0 |
|
|a Cover Die deutschen Kanzler im Fernsehen -- INHALT -- Vorwort -- I DAS THEATER DER POLITIK -- Einleitung: Theater im Alltag der Politik -- Das Theatermodell in der wissenschaftlichen Diskussion -- Ansatz der Untersuchung -- Theater als Modell für Darstellungsstrategien politischer ›Wirklichkeit‹ -- Politische Darstellungsstrategien am Beispiel der Bundesratsdebatte vom 22. März 2002 -- Politik als Theater? -- Politische Darstellungen im Wahrnehmungsdreieck von Inszenierungsrahmen und -formen, Rolle und Figur -- Darstellungen, Darsteller, Publikum -- Der Körper als Medium der Darstellung -- Techniken der Darstellung -- Darstellungstechnik des Schauspielers -- Darstellungstechnik des Politikers -- Politische Darstellung als gemeinsame Darsteller-Publikumsleistung -- Räumliche Bedingungen der Darstellung -- Politische Darstellungen als kontinuierlicher Veröffentlichungsprozess -- Darstellungen zwischen Sagen und Zeigen -- II KANZLERDARSTELLUNGEN IM FERNSEHEN -- Die (Fernseh-)Bühnen der Kanzler -- Konvergente Darstellungsweisen in verschiedenen Fernsehformaten -- Datenerhebung -- Methode und Auswahlkriterien für das Analysematerial und Auswahl der Fernsehsendungen -- Ereignisbezogenes Stichtagsmodell und ergänzendes Analogieschema -- Darstellungsformate im Fernsehen -- Rede-Duelle: Drei Tage vor der Wahl und Kanzlerduell -- Interviews - Zur Person -- Live-Berichterstattung - Wahlkampf Live -- Wahlwerbespots -- Der biographische Film - Die Mächtigen der Republik -- Kanzlerdarstellungen im Fernsehen -- Kanzlerdarstellungen im Wahrnehmungsdreieck von Inszenierung, Rolle und Figur -- Bedingungen der Inszenierung -- Die Inszenierung des Politischen -- Bedingungen der Rolle -- Kanzlerdarstellungen als Darstellungsleistung von Rollenurheber, Rollenspieler und Publikum -- Bedingungen der Figur -- Analyseverfahren und Reichweite der Analyse.
|
| 505 |
8 |
|
|a Telemediale Inszenierungen als dramatische oder epische Inszenierungen - Inszenierungsrahmen und -formen -- Dramatische Inszenierungsformen: Wahlkampf Live, Zur Person, Drei Tage vor der Wahl bzw. Kanzlerduell -- Epische Inszenierungsformen: Werbefilm und Dokumentation -- Epische vs. dramatische Inszenierungsformen -- Normative Bedingungen der Kanzler-Rolle: Zwischen Rollenträgerschaft und Rollenspiel -- Rollenspiele in Werbespots als Simulation und projektive ›Wirklichkeitsangebote‹ -- Personale Image-Darstellungen in Werbespots am Beispiel des SPD-Films Bürger für Brandt von 1969 -- Rollenspiele in Live-Formaten als gegenwärtiges Erzeugen der Kanzlerrolle -- Rollenentwürfe zwischen positiven Selbstdarstellungen und negativen Fremddarstellungen -- Kanzlerfiguren -- Formatsbezogene Figurationen: Personifikation - Typ - Individuum -- Verkörperungen der Kanzlerfigur -- Ikonische vs. situative Kanzlerdarstellungen -- Angela Merkel - Die Medienkanzlerin? -- Kanzlerindarstellungen - ein (vorläufiges) Resümee -- Ausblick -- Quellen- und Literaturverzeichnis -- Filme -- Wahlwerbefilme -- Günter Gaus: Zur Person -- Fernsehduelle -- Wahlkampf Live -- Guido Knopp: Die Mächtigen der Republik -- 6-teilige Reihe über die Bundeskanzler -- Podcasts und Dokumentation Angela Merkel -- Bücher und Aufsätze -- URLs -- Theaterprojekte -- Sonstige Filme und Fernsehsendungen -- Danksagung.
|
| 588 |
|
|
|a Description based on publisher supplied metadata and other sources.
|
| 590 |
|
|
|a Electronic reproduction. Ann Arbor, Michigan : ProQuest Ebook Central, 2023. Available via World Wide Web. Access may be limited to ProQuest Ebook Central affiliated libraries.
|
| 655 |
|
4 |
|a Electronic books.
|
| 776 |
0 |
8 |
|i Print version:
|a Lutz-Scheurle, Christoph
|t Die deutschen Kanzler im Fernsehen
|d Bielefeld : transcript,c2015
|z 9783837610529
|
| 797 |
2 |
|
|a ProQuest (Firm)
|
| 830 |
|
0 |
|a Kultur- und Medientheorie
|
| 856 |
4 |
0 |
|u https://ebookcentral.proquest.com/lib/matrademy/detail.action?docID=6955822
|z Click to View
|